3000 câu đàm thoại tiếng Hoa

Nội dung gồm 3 phần: phàn 1: cách phiên âm chữ cái la-tinh; phần 2: giới thiệu những câu đàm thoại ngắn dùng theo hoàn cảnh tình huống; phần 3: những câu đàm thoại theo ngữ pháp.

שמור ב:
מידע ביבליוגרפי
מחבר ראשי: Hữu Lý
פורמט: ספר
שפה:Undetermined
יצא לאור: Hà Nội Thống kê 2006
נושאים:
תגים: הוספת תג
אין תגיות, היה/י הראשונ/ה לתייג את הרשומה!
Thư viện lưu trữ: Trung tâm Học liệu Trường Đại học Cần Thơ
LEADER 00827nam a2200205Ia 4500
001 CTU_123680
008 210402s9999 xx 000 0 und d
020 |c 48000 
082 |a 495.1 
082 |b H566 
100 |a Hữu Lý 
245 0 |a 3000 câu đàm thoại tiếng Hoa 
245 0 |c Hữu Lý, Tuấn Anh, Đậu Thị Hoàng Anh 
260 |a Hà Nội 
260 |b Thống kê 
260 |c 2006 
520 |a Nội dung gồm 3 phần: phàn 1: cách phiên âm chữ cái la-tinh; phần 2: giới thiệu những câu đàm thoại ngắn dùng theo hoàn cảnh tình huống; phần 3: những câu đàm thoại theo ngữ pháp. 
650 |a Chinese language 
904 |i Tuyến 
980 |a Trung tâm Học liệu Trường Đại học Cần Thơ